000 00577cas a2200229 4500
022 0 _a0361-5995
040 _cNSD
082 4 _a631 SOI 1976 A053 Or.
245 0 0 _aSoil Science Society of America journal.
246 1 3 _aSSSA journal
246 1 3 _aSSSAJ
260 _a[Madison, Wis.]
_bSoil Science Society of America,
_c1976-
300 _a37 v.
_bill.
_c28 cm.
650 0 _aSoils
650 0 _aSoil science
650 1 7 _aBodemkunde.
650 6 _aSols
650 7 _aSoil science.
650 7 _aSoils.
710 2 _aSoil Science Society of America.
942 _cEK
999 _c14933
_d14933